Language Quiz

Random Language or Letter Quiz
Score 0/67 Timer 05:00
4 Plays Today
% Correct
pat
97.5%
pan
97.3%
pad
96.7%
pet
96%
pal
95.8%
par
95.8%
pen
95.7%
paw
94.5%
pam
94.3%
pit
94.3%
pin
94.3%
peg
93.7%
pac
93.4%
per
93.4%
pas
93%
pot
92.9%
ped
92.6%
pay
92.4%
pap
92.3%
pew
91.8%
pea
91.5%
pee
91.3%
pig
91.2%
pie
90.4%
pep
90.3%
pax
89.5%
pak
89%
pes
89%
pec
88.9%
pod
88.7%
pop
88.7%
pip
88.3%
pah
87.7%
put
87.2%
% Correct
pic
87%
pom
86.1%
pis
85.6%
pun
84.6%
pow
84.3%
pol
84%
peh
82.6%
pia
80.8%
pos
80.7%
pug
80.7%
poo
80.6%
pub
78.7%
pus
77.8%
pup
77.3%
pud
77.1%
pur
76.2%
pix
75.1%
poh
74.2%
poi
73.9%
pox
73.2%
pul
70.6%
piu
67.3%
phi
61.5%
pho
60.5%
pry
56.5%
ply
53.7%
pro
52.9%
pye
47.4%
psi
43.1%
pya
34.8%
pht
31.6%
pyx
24.5%
pst
24.3%
Remove Ads.
Support Sporcle.
Get the best of Sporcle when you Go Orange. This ad-free experience offers more features, more stats, and more fun while also helping to support Sporcle. Thank you for becoming a member.

You're not logged in!

Compare scores with friends on all Sporcle quizzes.
OR
Log In

Show Comments

Extras

Top Quizzes Today


Score Distribution

Your Account Isn't Verified!

In order to create a playlist on Sporcle, you need to verify the email address you used during registration. Go to your Sporcle Settings to finish the process.

Report this User

Report this user for behavior that violates our Community Guidelines.

Details: